000 00285nam a2200121Ia 4500
005 20251222154401.0
008 251222s9999||||xx |||||||||||||| ||spa||
020 _a84-8130-159-0
082 _a828.915/W44
100 _a"Wells, H.G."
245 0 _aLa guerra de los mundos
942 _cLIB
999 _c35308
_d35308